| 000 | 00905nam a2200289 i 4500 | ||
|---|---|---|---|
| 001 | 111647 | ||
| 003 | ES-MaACL | ||
| 005 | 20251122154141.0 | ||
| 007 | t| | ||
| 008 | 061121s1978 sp |||| | spa d | ||
| 080 | _a821.134.2-32"19"(082.2) | ||
| 080 | _a330.862 (460)"19" | ||
| 245 | 0 | 0 |
_aNarraciones anarco-sindicalistas de los años veinte / _cSalvador Seguí ... [et al.]. |
| 250 | _a1ª ed. | ||
| 260 |
_aBarcelona : _bIcaria, _c1978. |
||
| 300 |
_a169 p. ; _c19 cm. |
||
| 490 | 1 |
_aIcaria totum revolutum ; _v7 |
|
| 650 | 1 | 4 |
_aNovela española- _yS.XX _915636 |
| 650 | 4 |
_aAnarquismo- _zEspaña. _99790 |
|
| 650 | 4 |
_aPolítica- _xEn la literatura. _9142364 |
|
| 650 | 4 |
_aAnarcosindicalismo _99778 |
|
| 700 | 1 |
_aSeguí, Salvador, _d1887-1923 _9240806 |
|
| 830 | 1 |
_aIcaria totum revolutum ; _v7 _9233080 |
|
| 852 |
_aES-MaACL _jA-8723 |
||
| 942 | _2udc | ||
| 999 |
_c111647 _d111647 |
||